Online
Catalog

Radar noroestano / (Record no. 58079)

MARC details
000 -CABECERA
campo de control de longitud fija 00787nas a2200217 a 4500
005 - FECHA Y HORA DE LA ÚLTIMA TRANSACCIÓN
campo de control 20250415092617.0
007 - CAMPO FIJO DE DESCRIPCIÓN FÍSICA--INFORMACIÓN GENERAL
campo de control de longitud fija ta
008 - DATOS DE LONGITUD FIJA--INFORMACIÓN GENERAL
campo de control de longitud fija 250122e2024 dr m||p|r||||||0| 0|spa d
040 ## - FUENTE DE LA CATALOGACIÓN
Centro catalogador/agencia de origen DO-SdBNP
Centro/agencia transcriptor BNPHU
Normas de descripción rda
041 ## - CÓDIGO DE LENGUA
Código de lengua original spa
100 ## - ENTRADA PRINCIPAL--NOMBRE DE PERSONA
Nombre de persona Reyes, Orlando J.R.
Fechas asociadas al nombre 1963-
9 (RLIN) 75255
Término indicativo de función/relación director
245 ## - MENCIÓN DE TÍTULO
Título Radar noroestano /
Mención de responsabilidad, etc. Orlando J.R. Reyes.
260 ## - PUBLICACIÓN, DISTRIBUCIÓN, ETC.
Lugar de publicación, distribución, etc. Santiago Rodríguez, República Dominicana :
Nombre del editor, distribuidor, etc. Producciones Radar,
Fecha de publicación, distribución, etc. 2024.
300 ## - DESCRIPCIÓN FÍSICA
Extensión volumen :
Otras características físicas ilustraciones, fotografías ;
Dimensiones 28 cm.
310 ## - PERIODICIDAD ACTUAL
Periodicidad actual Mensual.
362 ## - FECHAS DE PUBLICACIÓN Y/O DESIGNACIÓN SECUENCIAL
Fecha de publicación y/o designación secuencial Año 27, No. 50. Diciembre 2024.
500 ## - NOTA GENERAL
Nota general Una revista de interés local, regional, nacional e internacional.
650 #0 - PUNTO DE ACCESO ADICIONAL DE MATERIA--TÉRMINO DE MATERIA
Término de materia o nombre geográfico como elemento de entrada Educación
9 (RLIN) 86908
Subdivisión de forma Publicaciones periódicas
650 #0 - PUNTO DE ACCESO ADICIONAL DE MATERIA--TÉRMINO DE MATERIA
Término de materia o nombre geográfico como elemento de entrada Teología
9 (RLIN) 2174
Subdivisión de forma Publicaciones periódicas
942 ## - ELEMENTOS DE PUNTO DE ACCESO ADICIONAL (KOHA)
Fuente del sistema de clasificación o colocación Dewey Decimal Classification
Tipo de ítem Koha Publicación periódica
Holdings
Estado de retiro Estado de pérdida Fuente del sistema de clasificación o colocación Estado dañado Restricciones de uso No para préstamo Localización permanente Ubicación/localización actual Fecha de adquisición Enumeración/cronología de publicación seriada Total de préstamos Código de barras Fecha visto por última vez Número de copia Precio válido a partir de Tipo de ítem Koha Nota pública
    Dewey Decimal Classification   Préstamo en sala   Biblioteca Nacional Pedro Henríquez Ureña Biblioteca Nacional Pedro Henríquez Ureña 22.01.2025 Año 27, No. 50. Diciembre 2024   2025-0229 22.01.2025 e.1 22.01.2025 Publicación periódica Teología de la libertad. Un canto de esperanza desde la fe.
    Dewey Decimal Classification   Préstamo en sala   Biblioteca Nacional Pedro Henríquez Ureña Biblioteca Nacional Pedro Henríquez Ureña 22.01.2025 Año 27, No. 50. Diciembre 2024   2025-0230 22.01.2025 e.2 22.01.2025 Publicación periódica Teología de la libertad. Un canto de esperanza desde la fe.
    Dewey Decimal Classification   Préstamo en sala   Biblioteca Nacional Pedro Henríquez Ureña Biblioteca Nacional Pedro Henríquez Ureña 22.01.2025 Año 27, No. 50. Diciembre 2024   2025-0231 22.01.2025 e.3 22.01.2025 Publicación periódica Teología de la libertad. Un canto de esperanza desde la fe.

Powered by Koha